000 00954nam a22002297a 4500
005 20170531110043.0
010 _a1516ENO7 ENG-114608
020 _a9789350716687
_c270.00
035 _aEN-98140
035 _aB-606921-942
035 _aB-666047
037 _adpl
_bVariety/Ven
037 _bDBAD/PUB
082 _a332.170954
245 _aBanking products and services
260 _aNew Delhi
_bTaxmann Publications
_c2015(repr.)
270 _a59/32, New Rohtak Road,
_bNew Delhi
_e110005
_k+91-11-45562222
_l-
_m-
300 _aI-12,256p.
_c24cm(pbk)
942 _2ddc
_cEN
_mBAN
_h332.170954
999 _c95789
_d95789